| Tag |
First Indicator |
Second Indicator |
Subfields |
| LEADER |
00000cam a2200000 a 4500 |
| 001 |
in00000077841 |
| 005 |
20151008055034.0 |
| 008 |
720831s1968 wb 00010 fre d |
| 010 |
|
|
|a 68058991
|
| 035 |
|
|
|a (OCoLC)00396807
|
| 035 |
|
|
|9 AAJ2391AM
|
| 040 |
|
|
|c WSU
|d m.c.
|d TXA
|d UtOrBLW
|
| 049 |
|
|
|a TXAM
|c [1272075]
|
| 090 |
|
|
|a QA3
|b .L28 no.77
|
| 100 |
1 |
|
|a Meyer, Paul André.
|
| 245 |
1 |
0 |
|a Processus de Markov :
|b la frontiere de Martin /
|c Paul-Andre Meyer.
|
| 264 |
|
1 |
|a Berlin ;
|a New York :
|b Springer-Verlag,
|c 1968.
|
| 300 |
|
|
|a 123 pages ;
|c 28 cm.
|
| 336 |
|
|
|a text
|b txt
|2 rdacontent
|
| 337 |
|
|
|a unmediated
|b n
|2 rdamedia
|
| 338 |
|
|
|a volume
|b nc
|2 rdacarrier
|
| 490 |
1 |
|
|a Lecture notes in mathematics ;
|v 77
|
| 650 |
|
0 |
|a Markov processes.
|
| 650 |
|
0 |
|a Potential theory (Mathematics)
|
| 830 |
|
0 |
|a Lecture notes in mathematics (Springer-Verlag) ;
|v 77.
|
| 999 |
|
|
|a MARS
|
| 999 |
f |
f |
|s 3cca487d-640e-3473-8fe6-c687eb701b45
|i 58e64570-adb1-3a3d-80fd-66d8ce2a0cb0
|t 0
|
| 952 |
f |
f |
|p ric
|a Texas A&M University
|b Rellis Campus
|c Joint Library Facility
|d Remote Storage
|t 0
|e QA3 .L28 no.77
|h Library of Congress classification
|i unmediated -- volume
|m A14806200639
|
| 998 |
f |
f |
|a QA3 .L28 no.77
|t 0
|l Remote Storage
|